Majetok obce a jej podnikateľská činnosť
Majetok obce je jedným zo základných pojmových znakov obce. Má ústavnoprávne zakotvenie. Podľa čl. 65 Ústavy SR obec ako právnická osoba samostatne hospodári s vlastným majetkom a so svojimi finančnými prostriedkami za podmienok ustanovených zákonom.
Gespeichert in:
| 1. Verfasser: | |
|---|---|
| Format: | Buchkapitel |
| Sprache: | Slowakisch |
| Schlagworte: | |
| Tags: |
Keine Tags, Fügen Sie das erste Tag hinzu!
|
MARC
| LEADER | 00000naa a2200000 4500 | ||
|---|---|---|---|
| 001 | 0257270 | ||
| 005 | 20221104112852.3 | ||
| 041 | 0 | |a slo | |
| 044 | |a SK | ||
| 245 | 1 | 0 | |a Majetok obce a jej podnikateľská činnosť |c Tatiana Macháčová |
| 520 | |a Majetok obce je jedným zo základných pojmových znakov obce. Má ústavnoprávne zakotvenie. Podľa čl. 65 Ústavy SR obec ako právnická osoba samostatne hospodári s vlastným majetkom a so svojimi finančnými prostriedkami za podmienok ustanovených zákonom. | ||
| 610 | 2 | 0 | |a majetok |
| 610 | 2 | 0 | |a obce |
| 610 | 2 | 0 | |a podnikanie |
| 610 | 2 | 0 | |a pravidlá rozpočtové |
| 610 | 2 | 0 | |a hospodárenie finančné |
| 610 | 2 | 0 | |a úpravy právne |
| 610 | 2 | 0 | |a Slovensko |
| 100 | 1 | |a Macháčová, Tatiana | |